000
00329nam a2200121 a 4500
005
20141022142000.0
008
080915s19uu xx 00 eng d
050
_a
VHS
_b
AJN1 2003
245
_a
AJN:Examination of the thorax and lungs.
650
_a
VHS Nursing.
650
_a
Examination of the thorax and lungs.
942
_c
AVM
999
_c
276193
_d
276193